Las aventuras de Tonino el invisible / (Registro nro. 97)

000 -CABECERA
campo de control de longitud fija 01840nam a2200313 a 4500
001 - NÚMERO DE CONTROL
campo de control 000001330
005 - FECHA Y HORA DE LA ÚLTIMA TRANSACCIÓN
campo de control 20200120221739.0
008 - DATOS DE LONGITUD FIJA--INFORMACIÓN GENERAL
campo de control de longitud fija 990221s1998 ck a br 000 j spa d
020 ## - NÚMERO INTERNACIONAL ESTÁNDAR DEL LIBRO
Número Internacional Estándar del Libro 9583004812
090 ## - LOCALMENTE ASIGNADO TIPO-LC NÚMERO DE CLASIFICACIÓN (OCLC); NÚMERO DE CLASIFICACIÓN LOCAL (RLIN)
Número de clasificación (OCLC) (R) ; Numero de clasificación, CALL (RLIN) (NR) C
Número cutter local (OCLC) ; Número de libro/Signatura topográfica íntegra, CALL (RLIN) RODGa
100 0# - ENTRADA PRINCIPAL--NOMBRE DE PERSONA
Nombre de persona Rodari, Gianni,
Fechas asociadas al nombre 1920-1980.
245 14 - MENCIÓN DE TÍTULO
Título Las aventuras de Tonino el invisible /
Mención de responsabilidad, etc. Gianni Rodari ; traducción Angelina Gatell ; ilustraciones Juanita Isaza Merchán ; dirección editorial Conrado Zuluaga.
260 ## - PUBLICACIÓN, DISTRIBUCIÓN, ETC.
Lugar de publicación, distribución, etc. Bogotá :
Nombre del editor, distribuidor, etc. Panamerica,
Fecha de publicación, distribución, etc. 1998.
300 ## - DESCRIPCIÓN FÍSICA
Extensión 210 p. :
Otras características físicas il., col.
490 #0 - MENCIÓN DE SERIE
Mención de serie Colección literatura juvenil
500 ## - NOTA GENERAL
Nota general Título original : Aventure di Tonino l'invisibile.
500 ## - NOTA GENERAL
Nota general Incluye información biográfica del autor en las solapas.
500 ## - NOTA GENERAL
Nota general Incluye índice.
500 ## - NOTA GENERAL
Nota general Ejs. del 1 al 4 de Biblioteca Marichuela : Donados por la Secretaría de Educación de Bogotá. ; Ej. 1 de Biblioparque : 5a. reimp. 2009 con ISBN : 9789583004810. ; Ej. 1 al 6 de Biblioteca Mosquera 6a. reimpresión, 2012. ISBN: 9789583004810
520 3# - SUMARIO, ETC.
Sumario, etc. "Tonino es inesperadamente regalado con el don de la invisibilidad. Una mañana en la escuela descubre que sus amigos no lo tienen en cuenta, que todos, e incluso el maestro, miran a través de él como si su cuerpo fuera aire. Inicialmente esto significa para Tonino que el maestro no le exigirá la tarea que dejó de hacer, asunto que lo tenía verdaderamente preocupado. Aprovecha entonces para hacer algunas pilatunas a sus compañeros, quienes terminan por creer que un fantasma se ha tomado el salón de clases."
650 14 - PUNTO DE ACCESO ADICIONAL DE MATERIA--TÉRMINO DE MATERIA
Término de materia o nombre geográfico como elemento de entrada Cuento infantil.
650 24 - PUNTO DE ACCESO ADICIONAL DE MATERIA--TÉRMINO DE MATERIA
Término de materia o nombre geográfico como elemento de entrada Literatura infantil.
650 24 - PUNTO DE ACCESO ADICIONAL DE MATERIA--TÉRMINO DE MATERIA
Término de materia o nombre geográfico como elemento de entrada Literatura italiana.
650 24 - PUNTO DE ACCESO ADICIONAL DE MATERIA--TÉRMINO DE MATERIA
Término de materia o nombre geográfico como elemento de entrada Travesuras en la literatura.
650 24 - PUNTO DE ACCESO ADICIONAL DE MATERIA--TÉRMINO DE MATERIA
Término de materia o nombre geográfico como elemento de entrada Aventuras en la literatura.
700 1# - PUNTO DE ACCESO ADICIONAL--NOMBRE DE PERSONA
Nombre de persona Gatell, Angelina,
Término indicativo de función/relación tr.
700 1# - PUNTO DE ACCESO ADICIONAL--NOMBRE DE PERSONA
Nombre de persona Isaza, Juanita,
Término indicativo de función/relación il.
700 1# - PUNTO DE ACCESO ADICIONAL--NOMBRE DE PERSONA
Nombre de persona Zuluaga, Conrado,
Término indicativo de función/relación dir.
Existencias
Estado de retiro Estado de pérdida Fuente del sistema de clasificación o colocación Estado dañado No para préstamo Código de colección Localización permanente Ubicación/localización actual Fecha de adquisición Número de inventario Total de préstamos Signatura topográfica completa Código de barras Fecha visto por última vez Fecha del último préstamo Número de copia Precio válido a partir de Tipo de ítem Koha Nota pública
          Literatura Infantil Biblioteca Pública San Juan Bosco Biblioteca Pública San Juan Bosco 20/01/2020 111340 3 C RODGa MOS009995 06/11/2025 16/04/2025 ej.1 20/01/2020 Libro Literatura Quince días
          Literatura Infantil Biblioteca Pública San Juan Bosco Biblioteca Pública San Juan Bosco 20/01/2020 NT 3 C RODGa MOS009996 16/05/2026 16/02/2026 ej.2 20/01/2020 Libro Literatura Quince días
          Literatura Infantil Biblioteca Pública San Juan Bosco Biblioteca Pública San Juan Bosco 20/01/2020 111341 1 C RODGa MOS009997 22/04/2024 10/04/2024 ej.3 20/01/2020 Libro Literatura Quince días
          Literatura Infantil Biblioteca Pública San Juan Bosco Biblioteca Pública San Juan Bosco 20/01/2020 111342   C RODGa MOS009998 20/01/2020   ej.4 20/01/2020 Libro Literatura Quince días
          Literatura Infantil Biblioteca Pública San Juan Bosco Biblioteca Pública San Juan Bosco 20/01/2020 111343   C RODGa MOS009999 20/01/2020   ej.5 20/01/2020 Libro Literatura Quince días
          Literatura Infantil Biblioteca Pública San Juan Bosco Biblioteca Pública San Juan Bosco 20/01/2020 111087   C RODGa MOS010000 20/01/2020   ej.6 20/01/2020 Libro Literatura Quince días

© Todos los derechos reservados para la Biblioteca Pública Municipal San Juan Bosco, 2020
Secretaria de Cultura de Mosquera
Carrera 3 N° 10 Esquina Centro Cultural Barrio El Carmén Teléfono: 8270830 Ext: 34
Funcionando con KOHA
Contacto: Biblioteca Pública Municipal San Juan Bosco/ bibliotecasanjuanbosco@mosquera-cundinamarca.gov.co
Mosquera, Cundinamarca